LEADER 01072cam0-2200373---450- 001 990006035710203316 005 20150507121304.0 010 $a978-88-581-1755-2 035 $a000603571 035 $aUSA01000603571 035 $a(ALEPH)000603571USA01 035 $a000603571 100 $a20000914d2015----km-y0itay50------ba 101 0 $aita 102 $aIT 105 $aa---||||001yy 200 1 $aPop art$fAlberto Boatto 210 $aRoma$aBari$cGLF$d2015 215 $aXI, 280 p.$cill.$d24 cm 225 2 $aEconomica Laterza$v721 300 $aSul verso del frontespizio: Prima ed con l'aggiunta di un saggio in appendice 410 0$12001$aEconomica Laterza$v721 606 0 $aPop art 676 $a709.04071 700 1$aBOATTO,$bAlberto$0212857 801 0$aIT$bSalbc$gISBD 912 $a990006035710203316 951 $aXII.2.C. 2486$b10667 L.M.$cXII.2.C.$d369952 959 $aBK 969 $aUMA 979 $aPASSARO$b90$c20150507$lUSA01$h1210 979 $aPASSARO$b90$c20150507$lUSA01$h1213 996 $aPop art$9608749 997 $aUNISA LEADER 03595oas 2201441 a 450 001 9910449255703321 005 20251105213014.0 011 $a1613-3641 035 $a(DE-599)ZDB1476602 4 035 $a(DE-599)1476602-4 035 $a(OCoLC)41471635 035 $a(CONSER) 00227019 035 $a(CKB)954925570858 035 $a(EXLCZ)99954925570858 100 $a19990602a19909999 sy a 101 0 $aeng 135 $aurcnu|||||||| 181 $ctxt$2rdacontent 182 $cc$2rdamedia 183 $acr$2rdacarrier 200 10$aCognitive linguistics 210 $aBerlin $cMouton de Gruyter 210 21$a[Berlin, Germany] :$cWalter de Gruyter 210 31$aBerlin :$cDe Gruyter Mouton 300 $aRefereed/Peer-reviewed 311 08$a0936-5907 531 1 $aCogn. linguist. 606 $aCognitive grammar$vPeriodicals 606 $aLinguistics$vPeriodicals 606 $aLanguage and languages$vPeriodicals 606 $aCognition 606 $aLinguistics 606 $aCognitive grammar 606 $aCognition 606 $aLinguistics 606 $aLinguistics$vPeriodicals 606 $aCognition$vPeriodicals 606 $aGrammaire cognitive 606 $aGrammaire cognitive$vPe?riodiques 606 $aLinguistique$vPe?riodiques 606 $aLangage et langues$vPe?riodiques 606 $aCognition 606 $aLinguistique 606 $acognition$2aat 606 $alinguistics$2aat 606 $aCognition$2fast$3(OCoLC)fst00866457 606 $aCognitive grammar$2fast$3(OCoLC)fst00866531 606 $aLanguage and languages$2fast$3(OCoLC)fst00992154 606 $aLinguistics$2fast$3(OCoLC)fst00999202 606 $aSprache$2gnd 606 $aKognition$2gnd 606 $aCognitieve lingui?stiek$2gtt 608 $aPeriodical. 608 $aPeriodicals.$2fast 615 0$aCognitive grammar 615 0$aLinguistics 615 0$aLanguage and languages 615 0$aCognition. 615 0$aLinguistics. 615 0$aCognitive grammar. 615 2$aCognition. 615 2$aLinguistics. 615 2$aLinguistics 615 2$aCognition 615 6$aGrammaire cognitive. 615 6$aGrammaire cognitive 615 6$aLinguistique 615 6$aLangage et langues 615 6$aCognition. 615 6$aLinguistique. 615 7$acognition. 615 7$alinguistics. 615 7$aCognition. 615 7$aCognitive grammar. 615 7$aLanguage and languages. 615 7$aLinguistics. 615 7$aSprache 615 7$aKognition 615 17$aCognitieve lingui?stiek. 676 $a415 801 0$bDLM 801 1$bDLM 801 2$bOCL 801 2$bEYM 801 2$bOCLCQ 801 2$bMUQ 801 2$bGUA 801 2$bOCLCQ 801 2$bOCLCF 801 2$bOCLCO 801 2$bVT2 801 2$bDLC 801 2$bOCLCO 801 2$bQCL 801 2$bOCLCE 801 2$bUKBOL 801 2$bOCLCQ 801 2$bOCLCO 801 2$bOCLCQ 801 2$bOCLCO 801 2$bOCLCQ 801 2$bOCL 801 2$bOCLCO 801 2$bBUF 801 2$bOCLCO 801 2$bAU@ 801 2$bOCLCO 801 2$bOCLCA 801 2$bU3W 801 2$bTOF 801 2$bWYU 801 2$bLEAUB 801 2$bOCLCO 801 2$bSFB 801 2$bOCLCO 801 2$bOCL 801 2$bOCLCQ 801 2$bOCLCL 801 2$bOCLCQ 906 $aJOURNAL 912 $a9910449255703321 996 $aCognitive linguistics$9157822 997 $aUNINA